Statistiques concernant Les pilotes de Formule 1 ayant réalisé le plus de pôle-positions

Cliquez ici pour prendre le quiz!

Statistiques générales

  • Ce quiz a été pris 1 350 fois
  • Le résultat moyen est 11 sur 15

Statistiques - réponses

NationalitéPôle-positionsPilote% Correct
1erRoyaume-Uni68Lewis Hamilton
99%
2eAllemagne68Michael Schumacher
97%
6eFrance33Alain Prost
96%
3eBrésil65Ayrton Senna
96%
4eAllemagne48Sebastian Vettel
94%
13eEspagne22Fernando Alonso
88%
11eAutriche24Niki Lauda
81%
9eArgentine29Juan Manuel Fangio
79%
8eAllemagne30Nico Rosberg
73%
10eFinlande26Mika Häkkinen
71%
14eRoyaume-Uni20Damon Hill
63%
12eBrésil24Nelson Piquet
61%
7eRoyaume-Uni32Nigel Mansell
54%
5eRoyaume-Uni33Jim Clark
44%
15eEtats-Unis18Mario Andretti
40%

Distribution des résultats

Percentile par nombre de réponses

% des personnes avec chaque résultat

Votre développement - résultats

Vous n’avez pas pris ce quiz